000
00287nam a22001337a 4500
008
180316b xxu||||| |||| 00| 0 eng d
020
_a
9780801624070
041
_a
eng
080
_a
612.39
100
_a
10
101
_a
NUT
245
_a
Total patient care
_c
Hood,H
942
_2
udc
_c
BK
999
_c
45238
_d
45238